Algunos aspectos históricos, sociológicos y espaciales del desarrollo de San José, 1630-1930

Gorde:
Xehetasun bibliografikoak
Egile nagusia: Vega Carballo, José Luis
Formatua: Texto
Argitaratua: Guatemala :
Etiketak: Etiketa erantsi
Etiketarik gabe, Izan zaitez lehena erregistro honi etiketa jartzen!

MARC

LEADER 00000 a a2200000 04500
001 19182
003
040
090 |a 019000  
100 |a Vega Carballo, José Luis  
245 |a Algunos aspectos históricos, sociológicos y espaciales del desarrollo de San José, 1630-1930  
260 |a Guatemala :  
300 |a 27 p.  
999 |c 13555  |d 13555